Score 0/9 Timer 03:00
0 Plays Today
Example Type of Figurative Language % Correct
'Alas, [Caesar] cried, 'Give me some drink, Titinius,' as a sick girl.'Simile
65.5%
'You blocks, you stones, you worse than senseless things!'Metaphor
63.1%
'Have you not made an universal shout, that Tiber [River] trembled underneath her banks...'Personification
42.9%
'These growing feathers plucked from Caesar's wing will make him fly an ordinary pitch...'Metaphor
40.5%
'Why, man, he doth bestride the narrow world like a Colossus...'Simile
39.3%
'And therefore think him as a serpent's egg, which hatched, would as his kind grow mischievous...'Simile
38.1%
'It is the bright day that brings forth the adder, and that craves wary walking. Crown him that, and then I grant we put a sting in him.'Metaphor
31%
'Hence! Home, you idle creatures, get you home! Is this a holiday?'Alliteration
25%
'Truly sir, in respect of a fine workman, I am but, as you would say, a cobbler.'Pun
21.4%
Remove Ads.
Support Sporcle.
Get the best of Sporcle when you Go Orange. This ad-free experience offers more features, more stats, and more fun while also helping to support Sporcle. Thank you for becoming a member.

You're not logged in!

Compare scores with friends on all Sporcle quizzes.
OR
Log In

Show Comments

Extras

Top Quizzes Today


Score Distribution

Your Account Isn't Verified!

In order to create a playlist on Sporcle, you need to verify the email address you used during registration. Go to your Sporcle Settings to finish the process.

Report this User

Report this user for behavior that violates our Community Guidelines.

Details: